Principles and practice of taxation in Ghana (Record no. 4500)
[ view plain ]
| 000 -LEADER | |
|---|---|
| fixed length control field | 01070nam a22001577a 4500 |
| 020 ## - INTERNATIONAL STANDARD BOOK NUMBER | |
| ISBN | 9789988032074 |
| 020 ## - INTERNATIONAL STANDARD BOOK NUMBER | |
| ISBN | 9988032072 |
| 050 ## - CALL NUMBER | |
| Classification number | HJ2614 |
| Item number | .Ag9 |
| 100 ## - AUTHOR | |
| Personal name | Agyeman Edward Dua |
| 245 ## - TITLE | |
| Title | Principles and practice of taxation in Ghana |
| Remainder of title | with supplementary question |
| Statement of responsibility, etc | Agyeman Edward Dua |
| 260 ## - PUBLICATION INFORMATION | |
| Place of publication | Teshie Nungua Estates Accra, Ghana |
| Name of publisher | EDA Pub. |
| Year of publication | 2005 |
| 300 ## - DESCRIPTION | |
| Number of Pages | xli,313p.: |
| Other physical details | tables |
| Dimensions | 24cm. |
| 500 ## - NOTES | |
| General note | Includes index. |
| 505 ## - FORMATTED CONTENTS NOTE | |
| Table of Content | 1. Introduction<br/>2. Income from office and payment in Ghana<br/>3. Income from trade, Business, Profession or Vocation<br/>4. Year of Assessment and Basis Period for Computing Assessable income<br/>5. Capital allowances<br/>6.Income from investment<br/>7. Individual income computation<br/>8. Administration of income tax<br/>9. Double taxation arrangements<br/>10. Miscellaneous topics<br/>11. Capital gains tax<br/>12. Gift tax<br/>13. Tax planning and Anti-avoidance Provisions<br/>14.Value added tax <br/>15. Communications service tax<br/>16. Taxes collected by customers, excise and prevention<br/>17. Integration of the three Revenue Agency<br/> |
| 942 ## - ADDED ENTRY ELEMENTS (KOHA) | |
| Koha item type | Books |
| Withdrawn status | Lost status | Collection code | Home library | Current library | Shelving location | Date acquired | Full call number | Accession Number | Koha item type |
|---|---|---|---|---|---|---|---|---|---|
| Reference | Methodist University Library Main | Methodist University Library Main | General Stacks | HJ2614 .Ag9 | 37476 | Books | |||
| Reference | Methodist University Library Main | Methodist University Library Main | General Stacks | HJ2614 .Ag9 | 37475 | Books |